000 00333 a2200109 4500
001 ART_11164
005 20260410161855.0
008 260409a
245 1 0 _aLa política económica durante el conflicto Austral
100 1 _aAlemann, Roberto T.
773 0 _tRevista de Economía
_g- Nº 35 (dic. 1982)
_wREV11077
999 _c25370
_d25370